| 000 | 00973cab a2200277 4500 | ||
|---|---|---|---|
| 001 | WB3119-41 | ||
| 008 | 090401t1995 xxu||||| |||| 00| 0 eng d | ||
| 035 | _a(Sirsi) u70682 | ||
| 041 | _aeng | ||
| 245 | _aTales of hardship | ||
| 260 | _c1995 | ||
| 350 | _a0 | ||
| 490 |
_aTimes _v16 May 1995, 29 |
||
| 490 |
_aSunday Telegraph _v21 May 1995, 3(2) |
||
| 520 | _aHighlights the plight of well-established firms of chartered surveyors in Mayfair, as the recession continues to have an effect and they try to ensure their economic survival. Fee cutting and the effects of the recession together with the oversupply of chartered surveyors are blamed. | ||
| 650 | _aBERKELEY SQUARE | ||
| 650 | _aABOUT RICS-RICS MEMBERS | ||
| 650 | _aFEE CUTTING | ||
| 650 | _aOVERHEADS | ||
| 650 | _aRECESSION | ||
| 650 | _aREDUNDANCIES | ||
| 650 | _aSURVEYING FIRMS | ||
| 690 | _aMANAGEMENT-BUSINESS MANAGEMENT-PROFESSIONAL PRACTICE | ||
| 942 | _n0 | ||
| 948 | _c04/03/1997 | ||
| 999 |
_c44484 _d44484 |
||